Elementos de historia natural / (Record no. 208200)
[ view plain ]
| 000 -CABECERA | |
|---|---|
| campo de control de longitud fija | 00692nam a2200229 a 4500 |
| 003 - IDENTIFICADOR DEL NÚMERO DE CONTROL | |
| campo de control | MX-MxUPN |
| 005 - FECHA Y HORA DE LA ÚLTIMA TRANSACCIÓN | |
| campo de control | 20240425063953.0 |
| 008 - ELEMENTOS DE LONGITUD FIJA--INFORMACIÓN GENERAL | |
| campo de control de longitud fija | 220303s1898 mx a|||| |||| 000 0 spa d |
| 040 ## - FUENTE DE LA CATALOGACIÓN | |
| Centro catalogador/agencia de origen | MX-MxUPN |
| Lengua de catalogación | spa |
| Centro/agencia transcriptor | MX-MxUPN |
| 041 0# - CÓDIGO DE IDIOMA | |
| Código de lengua del texto/banda sonora o título independiente | spa |
| 049 ## - COLECCIÓN | |
| Colección | LT |
| 050 #4 - SIGNATURA TOPOGRÁFICA DE LA BIBLIOTECA DEL CONGRESO | |
| Número de clasificación | LB1585 M6 |
| Número de documento/Ítem | R8.3 1898 |
| 100 1# - ASIENTO PRINCIPAL--NOMBRE PERSONAL | |
| Nombre de persona | Ruiz, Luis E., |
| Fechas asociadas al nombre | 1857-1914 |
| 9 (RLIN) | 29451 |
| 245 10 - MENCIÓN DE TÍTULO | |
| Título | Elementos de historia natural / |
| Mención de responsabilidad, etc. | Luis E. Ruiz. |
| 250 ## - MENCIÓN DE EDICIÓN | |
| Mención de edición | 3a ed. |
| 260 ## - PUBLICACIÓN, DISTRIBUCIÓN, ETC. | |
| Lugar de publicación, distribución, etc. | México : |
| Nombre del editor, distribuidor, etc. | Herrero Hermanos, |
| Fecha de publicación, distribución, etc. | 1898. |
| 300 ## - DESCRIPCIÓN FÍSICA | |
| Extensión | 178 p. : |
| Otras características físicas | il. |
| 490 0# - MENCIÓN DE SERIE | |
| Mención de serie | Biblioteca de las escuelas |
| 650 #4 - ASIENTO SECUNDARIO DE MATERIA - TERMINO TEMATICO | |
| Término de materia o nombre geográfico como elemento de entrada | Ciencias naturales |
| Subdivisión general | Estudio y enseñanza (Elemental) |
| 9 (RLIN) | 2812 |
| 650 #4 - ASIENTO SECUNDARIO DE MATERIA - TERMINO TEMATICO | |
| Término de materia o nombre geográfico como elemento de entrada | Ciencias naturales |
| Subdivisión de forma | Libros de texto |
| 9 (RLIN) | 10151 |
| 905 ## - TIPO DE MATERIAL | |
| Tipo de material | Libro |
| Estado de retiro | Estado de pérdida | Fuente del sistema de clasificación o colocación | Estado dañado | No para préstamo | Código de colección | Localización permanente | Ubicación/localización actual | Ubicación en estantería | Fecha de adquisición | Clasificación | Código de barras | Fecha visto por última vez | Precio válido a partir de | Tipo de ítem Koha |
|---|---|---|---|---|---|---|---|---|---|---|---|---|---|---|
| Library of Congress Classification | Disponible (Préstamo en sala) | Libros de texto | Bib. Gregorio Torres Quintero | Bib. Gregorio Torres Quintero | Colecciones especiales Planta alta | 03/03/2022 | LB1585 M6 R8.3 1898 | 123610 | 03/03/2022 | 03/03/2022 | Libro |
